[Event "Olympiad-36"]
[Site "Mallorca"]
[Date "2004.10.18"]
[Round "4"]
[White "Tiviakov, Sergei"]
[Black "Bruzon Batista, Lazaro"]
[Result "1/2-1/2"]
[WhiteElo "2617"]
[BlackElo "2637"]
[Annotator "Lukacs,P"]
[PlyCount "67"]
[EventDate "2004.10.15"]
[EventType "team-swiss"]
[EventRounds "14"]
[EventCountry "ESP"]
[SourceTitle "CBM 104"]
[Source "ChessBase"]
[SourceDate "2005.01.27"]
[SourceVersion "1"]
[SourceVersionDate "2005.01.27"]
[SourceQuality "1"]
[WhiteTeam "Netherlands"]
[BlackTeam "Cuba"]
[WhiteTeamCountry "NED"]
[BlackTeamCountry "CUB"]

1. e4 e5 2. Bc4 Nf6 3. d3 Nc6 4. Nf3 Be7 5. O-O O-O 6. Bb3 d6 7. c3 Na5 8. Bc2
c5 9. Re1 Nc6 {The position resembles to the quiet d3 Ruy Lopez system without
a6 and b5.} 10. Nbd2 (10. h3 {This is a typical preparatory move in the Ruy
Lopez.} Qc7 $142 {against d4.} (10... h6 $6 {forgets about White's real threat.
} 11. d4 {White has to grab the |^ in the [+]. Here we see the idea of 10.h3,
there is no threat of Bg4.} cxd4 12. cxd4 b6 (12... Qb6 13. d5 Nb4 14. Ba4 Qa6
15. Re3 {defending >< d3.} b5 16. Bb3 {Now the has to retire.} Qb7 17. a3 Na6
18. Bc2 {/\ b4 killing the N on a6.} b4 {weakening the light squares, but
forced from strategical point of view.} 19. Nbd2 Bd7 20. Nf1 (20. Nb3 $5 {
Perhaps the N belongs to the <<.}) 20... Rac8 21. Bd2 Bd8 22. Ng3 Bb6 23. Re2
bxa3 24. bxa3 $14 {Kudrin-Finegold, Lloyds Bank op 1988}) 13. Nc3 Bb7 14. d5
Nb4 15. Bb1 {Now the position is similar to the Ruy Lopez Panov Attack.} Qd7
16. a3 Na6 17. b4 {Black's bishops and the a6 N are poorly placed.} Rfc8 18.
Bd2 Nc7 19. Bd3 (19. a4 $5 $14) 19... Ba6 20. Bxa6 Nxa6 21. Qe2 Qb7 22. Rec1
Nc7 $14 {Yudasin-Piket, ISR-NLD m rapid 1995}) (10... Re8 11. Nbd2 Bf8 12. Nf1
(12. Nc4 h6 {against Bg5 Bxf6 and Ne3-d5} 13. Ne3 g6 14. Bb3 (14. Nh2 {/\ Nhg4}
Be6 15. Nhg4 Nd7 {/\ h5 and the N has to retreat.} 16. Bb3 h5 17. Nh2 Nb6 18.
Bxe6 Rxe6 19. Nd5 Bg7 20. Nf3 Re8 21. Nxb6 {White has to give up his
stronghold on d5.} Qxb6 22. Qe2 Qd8 {1/2-1/2 Volzhin-Malaniuk, Minsk 1997})
14... Bg7 15. Nh2 Be6 16. Neg4 Nxg4 17. Nxg4 Kh7 18. Ne3 Qd7 19. Bd2 Ne7 20.
Bxe6 fxe6 $11 {strengthening the [+] and opening the f <->, Kobalija-Onischuk,
Biel 1997.}) 12... h6 13. d4 (13. Ng3 {- Kobalija-Atalik, Istanbul 2003 CBM 96}
) (13. N3h2 d5 {Black has to grab the |^ in the [+].} 14. Qf3 d4 15. Bb3 (15.
Ng3 g6 16. Bb3 {Otherwise the B remains utterly passive.} Be6 17. Bxe6 Rxe6 18.
c4 Rb8 {/\ b5, Black has counterchances on the <<.} 19. Bd2 b5 20. cxb5 Rxb5
21. b3 a5 $13 {Yudasin-P.Nikolic, Tilburg 1993}) 15... Na5 16. Ba4 Bd7 17. Bxd7
{White is happy to get rid of his bad B.} Nxd7 18. c4 a6 19. Ng3 b5 20. b3 g6
21. Ng4 Qh4 22. Bd2 Nc6 23. Rec1 Bg7 $13 {Nevednichy-Beliavsky, Herceg Novi
2001}) (13. Ng3 d5 14. exd5 Qxd5 15. Bb3 Qd6 16. Ne4 Nxe4 17. dxe4 Be6 {
The white N is too far from ><d5.} 18. Be3 Qc7 19. Bxe6 Rxe6 20. Qe2 Rd8 21.
Red1 Red6 {1/2-1/2 Gavrikov-Arlandi, Reggio Emilia 1992}) (13. Ne3 {- 12.Nc4})
13... Qc7 (13... exd4 14. cxd4 cxd4 15. Nxd4 g6 {/\ Bg7 is the typical Ruy
Lopez solution.}) 14. d5 (14. Ne3 $6 exd4 15. cxd4 Nxd4 16. Nxd4 cxd4 17. Qxd4
d5 $1 {This is the point!} 18. exd5 Rxe3 $1 $17 {Miljanic-Lazic, JUG-ch
Kladovo 1990}) 14... Ne7 $13 {with a complicated Ruy Lopez middlegame.}) 11.
Nbd2 d5 (11... Be6 12. Bb3 h6 13. Nc4 Rad8 14. Qe2 Rfe8 15. Ne3 d5 {Black
grabs the |^ in the [+].} 16. Nf1 {White has made some sophisticated
manoeuvres, while Black has strengthened his position.} Bf8 17. Ba4 Bd6 18. Ng3
a6 19. Nh4 b5 20. Bc2 Bf8 21. Nhf5 Kh8 22. Qf3 Ng8 $13 {Sax-Beliavsky,
Sarajevo, 1982}) 12. Nf1 dxe4 (12... Rd8 {is met by} 13. exd5 Nxd5 14. Qe2 {
and White has some pressure against >< e5.} Bf6 (14... f6 15. Ng3 Be6 {The B
is undefended here, which helps for the push d4.} 16. Qe4 g6 (16... Qd7 17. d4
$1 f5 18. Qe2 e4 19. Nxe4 $1 $16) 17. Bh6 $36) 15. Ng3 $14) 13. dxe4 Rd8 (13...
Be6 14. Ne3 Rad8 15. Qe2 h6 16. Nf5) 14. Qe2 h6 15. Ne3 {White's real target
is >< d5 now.} (15. Ng3 Be6 16. Nh4 c4 17. Ngf5 Bf8 18. Qf3 Nh7 19. Qg4 Kh8 20.
Re3 {White cannot attack only with pieces in this type of position.} g6 21. Rg3
Nf6 22. Nxg6+ {Desperation, but White has forced himself into this situation.}
fxg6 23. Qxg6 Qf7 $17 {Reyer-Von Buelow, Oberliga Nord 1998}) 15... Be6 16. Nh2
{/\ Nhg4} (16. Nf5 Bf8) 16... c4 17. Nhg4 Nxg4 18. hxg4 (18. Nxg4 Rd7 $11)
18... Bg5 $5 (18... Bc5 $6 19. Nd5 $1 {opening up the /^ for the "spanish" B.}
(19. Nf5 f6) 19... Bxd5 20. exd5 Rxd5 21. g5 $1 (21. Qe4 {immediately is
parried by} Rad8 22. Qh7+ Kf8 23. g5 (23. Qh8+ Ke7 24. Qxg7 Qb6) 23... Qb6 $132
) 21... hxg5 22. Qe4 $1 Qb6 23. Qh7+ Kf8 24. Qh8+ Ke7 25. Bxg5+ Kd6 26. Qxa8
Bxf2+ 27. Kf1 Bxe1 28. Rxe1 $18) (18... Bf6 $5 19. Nf5 (19. Nxc4 $6 {runs into}
Nd4 20. cxd4 Bxc4 $15) (19. Nd5 $6 {is now inferior due to} Bxd5 20. exd5 Ne7
$1) 19... b5 20. Qf3 Bg5 $11) 19. Nd5 $1 Bxd5 20. Bxg5 (20. exd5 Rxd5 $1 (20...
Bxc1 21. Raxc1 Rxd5 22. Qe4 $40) 21. Bxg5 hxg5 $13) 20... hxg5 21. exd5 Rxd5
22. Qe4 {(Nikac-Bokan, JUG-chT Cetinje 1992)} Rd2 $1 23. Qh7+ Kf8 24. Qh8+ Ke7
25. Qxa8 Qb6 26. Re3 Rd8 27. Qxd8+ Qxd8 28. Ba4 f6 $11) (10. a3 b5 (10... a5
11. a4 $1) 11. h3 Qc7 12. Nbd2 Be6 13. d4 cxd4 14. cxd4 exd4 15. Nb3 Bxb3 (
15... d5 16. exd5 Bxd5 17. Nfxd4 Nxd4 18. Nxd4 Qb7 19. Nf5 $36) 16. Bxb3 Qb6 {
Black can hold his P for a while, and White has compensation for it, but not
more than that.} 17. Bf4 Nd7 (17... Rac8 18. Bd5 (18. Rc1 Rfe8 19. Ng5 (19. Bd5
a6 $11) 19... Rf8 $11) 18... Rfe8 19. Bxc6 Rxc6 $11) 18. Bd5 $44 {Gomez
Baillo-Morovic, Santiago zt 1989}) 10... Re8 (10... Bg4 $6 {In a d3 system
this pinning move is not strong enough.} 11. h3 (11. Nf1 d5 12. exd5 (12. Ne3
Bh5) 12... Qxd5 13. Ne3 Bxf3 14. Nxd5 Bxd1 15. Nxe7+ Nxe7 16. Bxd1 $14 {^^})
11... Bh5 {The B is out of play on this /^.} (11... Be6 {loses a tempo.}) (
11... Bxf3 12. Qxf3 {gives up the ^^.}) 12. Nf1 (12. g4 Bg6 13. Nh4 $14 {
and the B is dead on g6.}) 12... Ne8 {This is a passive plan, but the idea is
to get rid of the bad dark-squared B.} (12... d5 13. g4 $5 (13. Ng3) 13... dxe4
14. dxe4 Bg6 (14... Qxd1 15. Rxd1 Bg6 16. Ng3 Rfd8 17. Be3 $14) 15. Qe2 Qc7 16.
Ng3 {>< f5.}) 13. Ng3 (13. g4 {White doesn't want to allow the exchanges with
a space advantage like that.} Bg6 14. Ng3 d5 (14... Nc7 {/\ Ne6 fighting for
the dark squares deserved attention.}) 15. Bb3 {Now White activates his
passive B on the a2-g8 /^.} d4 (15... Nc7 $2 16. exd5 Nxd5 17. Nxe5 Nxe5 18.
Rxe5 $18) (15... dxe4 16. dxe4 $14) 16. Bd5 {Suddenly the B became very
powerful, Nevednichy-Negulescu, Iasi 1999 CBM 75.}) 13... Bxf3 14. Qxf3 Bg5 {
This is the main idea.} 15. Bb3 $14) (10... Be6 11. Nf1 (11. Ng5 Bg4 $13)) 11.
a3 (11. Nf1 h6 12. a3 (12. Ng3 Bf8 13. Nf5 $6 {founders on the central push.}
d5 $17) 12... Bf8 13. b4 d5 14. exd5 Nxd5 15. Bb2 Nf4 $13 {Ivanchuk-P.Nikolic,
Monte Carlo 1996}) 11... Bf8 12. b4 g6 {Black ignores White's efforts gaining
space on the <<.} (12... a6 13. Bb2 Bg4 {This pin is usually not dangerous.}
14. h3 Bh5 15. Qb1 Bg6 16. d4 exd4 17. cxd4 cxd4 (17... cxb4 18. d5) 18. Nxd4
$14 {Kapengut-Arlandi, Reggio Emilia 1992}) 13. Ba4 (13. b5 Na5 14. Nf1 $5 (14.
d4 Bg7 15. Bb2 Qc7 $13)) 13... cxb4 (13... d5 $6 14. exd5 Nxd5 15. Ne4 cxb4 16.
axb4 {- 13..cxb4}) (13... Bd7 14. Nc4 cxb4 15. axb4 {- 13...cxb4}) 14. axb4 Bd7
(14... d5 $6 {opens the position for White's favour.} 15. exd5 (15. b5) 15...
Nxd5 16. Ne4 Bg7 17. b5 $16) 15. Nc4 h6 16. Be3 (16. b5 Na5 17. Ne3 $14 {
looked more forcing.}) 16... Ng4 $1 17. Bd2 (17. h3 Nxe3 18. Nxe3 Bg7 $13)
17... a6 18. b5 Na7 (18... axb5 19. Bxb5 Qc7 20. Qe2 $14 {and Black has a
slightly worse P structure.}) 19. b6 Bxa4 20. Qxa4 Nc6 {Now the situation has
been changed, and Black has no real problems.} 21. Ne3 Nxe3 22. Bxe3 Qd7 (22...
d5 $13) 23. Nd2 d5 24. Nb3 Rad8 25. Bc5 (25. Nc5 Bxc5 26. Bxc5 Qe6 $11) 25...
dxe4 26. dxe4 Qc8 27. Red1 (27. Bxf8 Rxf8 28. Nc5 Rd2 $132) (27. h3 Bxc5 28.
Nxc5 Rd2 $132) 27... Rxd1+ 28. Rxd1 Rd8 29. Rd5 Bxc5 30. Nxc5 Rxd5 31. exd5 Ne7
32. d6 Qxc5 33. Qe8+ Kg7 34. Qxe7 (34. dxe7 $6 Kf6 $15) (34. Qxe7 Qxc3 {
and the perpetual is inevitable.} 35. h3 Qc1+ 36. Kh2 Qf4+ 37. Kg1 Qc1+ $11)
1/2-1/2

[Event "FIDE-Wch k.o."]
[Site "Tripoli"]
[Date "2004.06.19"]
[Round "1.1"]
[White "Barua, Dibyendu"]
[Black "Graf, Alexander"]
[Result "0-1"]
[WhiteElo "2539"]
[BlackElo "2656"]
[Annotator "Lukacs,P"]
[PlyCount "92"]
[EventDate "2004.06.19"]
[EventType "k.o."]
[EventRounds "7"]
[EventCountry "LBY"]
[SourceTitle "CBM 102"]
[Source "ChessBase"]
[SourceDate "2004.09.23"]
[SourceVersion "1"]
[SourceVersionDate "2004.09.23"]
[SourceQuality "1"]

1. e4 e5 2. Nf3 Nc6 3. Bc4 Nf6 4. d3 Be7 5. O-O O-O 6. Bb3 d6 7. c3 Na5 8. Bc2
c5 {The position reminds me to a closed Ruy Lopez but without the "weakening
moves" a6 and b5.} 9. h3 Nc6 10. Re1 (10. d4 {is probably premature.} cxd4 11.
cxd4 Qb6 12. d5 Nb4 13. Be3 Qa6 14. Nc3 Nxc2 {The exchange of the "Spanish" B
is good for Black.} 15. Qxc2 Bd7 16. a4 Rfc8 17. Qb3 Bd8 $11 {Dolmatov-Smejkal,
Hradec Kralove 1981}) 10... Re8 (10... b5 11. d4 exd4 12. cxd4 Nb4 13. a4 (13.
Be3) 13... Nxc2 14. Qxc2 b4 (14... bxa4 $5) 15. dxc5 dxc5 16. Bf4 Bb7 17. Nbd2
{>< c4} Re8 18. Rad1 Qc8 19. Bh2 Bf8 20. e5 $14 {Nevednichy-Pasarelu,
Bucharest 1992}) 11. Nbd2 (11. d4 h6 (11... cxd4 12. cxd4 exd4 13. Nxd4 d5 $5 {
was the active plan.}) 12. dxc5 dxc5 13. Nbd2 Qc7 14. Nc4 Be6 15. Ne3 Rad8 16.
Qe2 Bf8 17. Nh2 c4 18. Qf3 b5 (18... Bc5 $5) 19. Nf5 Bxf5 20. Qxf5 Re6 21. Nf1
Bc5 22. Ne3 Ne7 23. Qf3 a6 {(Yudasin-P.Nikolic, New York 1994)} (23... a5 $5)
24. b4 $5 cxb3 25. axb3 b4 26. c4 Nc6 $132) 11... Bf8 12. a4 {fighting for the
light squares.} (12. Nf1 $5 h6 (12... d5 13. Bg5) 13. Ng3 d5 (13... a6 14. d4)
14. exd5 Nxd5 15. Ba4 {Here we see a significant difference to the Ruy Lopez!}
Bd6 16. Ne4 (16. d4 $6 {It was better to keep the position closed worsening
Black's P structure by taking on c6.} exd4 17. Rxe8+ Qxe8 18. cxd4 c4 19. Bb5
c3 20. Qb3 cxb2 21. Bxb2 Be6 $11 {Beshukov-Gutov, Moscow 1999}) (16. Nd2 Nb6 (
16... Bd7 17. Nge4 Bf8 18. Nc4 $14) 17. Bxc6 bxc6 18. Qf3 $14) 16... Bf8 17.
Bxc6 bxc6 18. Ng3 $14 {and Black's weaknesses on the << is hard to repare.})
12... g6 (12... d5 13. Bb3 $14) 13. Nf1 d5 14. exd5 Nxd5 15. Ng3 b6 16. Bb3 Bb7
17. Ne4 (17. Bg5 Qd7 (17... Be7 18. Bh6 $14) 18. Ne4 (18. Bxd5 Qxd5 19. Ne4 Bg7
20. Bf6 h6 21. Nh2 Qe6 $13) 18... Bg7 19. Nh2 Na5 20. Ba2 Kh8 $13) 17... Bg7
18. Bg5 Qd7 {Black has gradually built up a strong [+] and his pieces are
harmoniously posted.} 19. Qd2 $6 (19. Nh2 f5 20. Nf6+ Bxf6 21. Bxf6 Qd6 22. Nf3
Qxf6 23. Bxd5+ Kh8 24. Qd2 Rad8 25. c4 Re7 $11) 19... Re6 $1 20. a5 $5 (20. Bh6
f6 21. Bxg7 Kxg7 $13) 20... Rae8 (20... Nxa5 $2 21. Rxa5 bxa5 22. Nxc5 $16) 21.
axb6 axb6 {White cannot make use of the opened a <->.} 22. Bh6 f6 23. Bc4 Kh8
24. Bxg7+ Kxg7 25. Qc2 f5 {Now Black advances in the [+], his prospects are
clearly better.} 26. Ned2 (26. Bxd5 Qxd5 27. Ng3 Rd8 $15) 26... Na5 27. Ba2
R6e7 28. Rad1 Qc6 (28... Nf4 $1 {was more precise.} 29. Re3 Qd6 $15) 29. Re2 $2
({missing} 29. Bxd5 $1 Qxd5 30. Re3 $11) 29... Nf4 {Now the N can join the ->
again.} 30. Re3 {[#]} g5 $1 {The signal for the -> on the >>. Black has a
strong [+] and active pieces, he has the right for the ->.} 31. Bb1 (31. Nc4
Nxc4 32. Bxc4 g4 $17) 31... Qf6 32. Nf1 Kh8 {One preparatory move too much.} ({
The straightforward} 32... Nxg2 $1 {was stronger} 33. Kxg2 g4 34. N1d2 gxf3+
35. Nxf3 e4 36. dxe4 Nc4 $19) 33. Ng3 Nc6 (33... Rf8 $15) 34. Rde1 Nd5 35. R3e2
Nf4 36. Re3 Nd8 37. Ba2 Nd5 $2 {This is an unnecessary retreat from the
excellent position.} (37... g4 $17) 38. R3e2 $2 ({missing again} 38. Bxd5 Bxd5
39. c4 Bb7 40. Qc3 Nf7 41. b4 $13 {with some counterplay.}) 38... Nf4 {The N
decides the battle the second times.} 39. Re3 g4 $1 $19 {and the -> finally
crashes through.} 40. hxg4 fxg4 41. Nd2 Nxg2 42. Nde4 Nxe1 43. Rxe1 Qg6 44. Qa4
Ne6 45. Nd6 Ra8 46. Qc4 Ng5 0-1

[Event "FIDE-Wch k.o."]
[Site "Tripoli"]
[Date "2004.06.20"]
[Round "1.6"]
[White "Ni, Hua"]
[Black "Vladimirov, Yevgeniy"]
[Result "1-0"]
[WhiteElo "2587"]
[BlackElo "2621"]
[Annotator "Lukacs,P"]
[PlyCount "137"]
[EventDate "2004.06.19"]
[EventType "k.o."]
[EventRounds "7"]
[EventCountry "LBY"]
[SourceTitle "CBM 102"]
[Source "ChessBase"]
[SourceDate "2004.09.23"]
[SourceVersion "1"]
[SourceVersionDate "2004.09.23"]
[SourceQuality "1"]

1. e4 e5 2. Nc3 Nf6 3. Bc4 Nxe4 4. Bxf7+ $2 {This is a very bad variation for
White.} (4. Qh5 $142 Nd6 5. Bb3 Nc6 {Black takes up the gauntlet.} (5... Be7
$11) 6. Nb5 g6 7. Qf3 f5 8. Qd5 Qe7 {is the old main line which leads to
immense complications.} (8... Qf6 $6 9. Nxc7+ Kd8 10. Nxa8 b6 (10... Bh6 {
helps only for White to finish his development after} 11. d3 Bxc1 12. Rxc1 Re8
{(Orev-Belchev, Bulgaria 1971 )} 13. Ne2 $1 $16) 11. Nxb6 $1 {is the precise
move order here.} (11. d4 Nxd4 12. Nf3 Bb7 $13 {- Sulskis-Motylev, Linares
2000 CBM 75}) (11. d3 Bb7 12. h4 $2 {is a complete misjudgement of the
position.} Ne7 $1 13. Bg5 Nxd5 14. Bxd5 Qxg5 15. hxg5 Bxd5 16. Nxb6 axb6 17.
Nf3 Nf7 $17 {Larsen-Zwaig, Costa Brava, 1976}) 11... axb6 12. d4 $1 {White has
to give back some material in order to finish his development.} (12. Qd3 {
is again too passive:} Bb7 13. Ne2 Bg7 14. Qh3 f4 15. d3 h5 16. Bd2 g5 17. f3
Nd4 {The Q is again outplaced.} 18. Nxd4 exd4 19. O-O-O Nf5 $44 {
Gdanski-Raetsky, Biel op 1994}) 12... Nxd4 13. Nf3 Nxf3+ (13... Bb7 {is
answered by the witty} 14. Qxd4 $1 exd4 15. Bg5 $16 {liquidating for a
favourable _|_ for White.} Qxg5 16. Nxg5 Bxg2 17. Rg1 Be4 18. O-O-O Bg7 19. c3
$16 {Sikora Lerch-Biolek, Moravia-chT 1997}) 14. Qxf3 Bb7 15. Qe3 Kc7 16. a4
$16 {/\ a5 Larsen}) 9. Nxc7+ Kd8 10. Nxa8 b6 11. Nxb6 axb6 12. Qf3 Nd4 $1 (
12... Bb7 13. d3 (13. Qd1 $6 {is rather passive:} Nd4 14. f3 Qg5 15. Kf1 f4 {
/\ N4f5} 16. c3 N4f5 17. Nh3 Qh5 18. Qe2 Nh4 19. Nf2 Nxf3 $1 $44 {
Chistiakov-Estrin, URS-ch Moscow 1955}) 13... Nd4 14. Qh3 {Here the Q at least
defends >< g2.} h5 $5 (14... f4 15. Bd2 g5 16. O-O-O {and the white K is in
safety.} h5 17. f3 $14 {Larsen}) (14... e4 15. Be3 exd3 16. O-O-O Nxc2 17.
Bxb6+ Ke8 18. Qxd3 (18. Nf3 $5 {Development first, Keres.}) 18... Bh6+ 19. Kb1
Be4 20. Bxc2 $1 Bxd3 21. Bxd3 Bg7 22. Bc5 Qe5 23. Ba3 Ne4 24. Nf3 Qa5 25. Rhe1
d5 {(Yudelovich-Poselnikov, corr 1974)} 26. Nd2 $1 Kf7 27. Nb3 $14 {with more
than enough compensation for the Q according to Lepeskin.}) 15. f3 f4 {The Q
is completely out of play.} 16. Bd2 Bg7 17. O-O-O N6f5 18. Re1 Kc7 19. Ne2
Nxb3+ 20. axb3 Qd6 21. Nc3 Nd4 22. Ne4 Ra8 23. Bc3 Bxe4 24. fxe4 f3 $1 25. Bxd4
Qb4 $40 {Kaidanov-Lputian, URS-FL Lvov 1987}) 13. Qa8 Kc7 {/\ Bb7} 14. Nf3 Bb7
15. Qa7 Bg7 16. Qa4 f4 17. d3 Re8 18. Qb4 {White has made too many moves with
his Q.} Nxf3+ 19. gxf3 Bxf3 20. Rg1 g5 $44 {Kleszczewski-Rizzitano,US op
Boston 1988}) 4... Kxf7 5. Nxe4 d5 6. Ng3 (6. Qf3+ $2 Kg8 7. Ng5 Qd7 8. Ne2 h6
$17 {Mieses-Teichman, London (m) 1895}) 6... Nc6 {Black has a wonderful [+],
nice development and an actice ^^. He can quickly solve the problem of his K
as well.} 7. d3 (7. Qf3+ $2 Kg8 8. N1e2 Bc5 9. O-O h5 $1 {/\ h4-h3} 10. Qc3 Bb6
11. d3 h4 12. Nh1 h3 13. g3 Qf6 $19 {Gomez Lucero-Guimard, Argentina 1936})
7... Be7 ({The more active} 7... Bc5 {was also tempting.} 8. Nf3 ({The
amateurish} 8. Qf3+ $2 {helps only for Black.} Kg8 9. Nh3 h6 10. O-O Nd4 11.
Qd1 Qf6 12. Nh5 Qf7 $17 {Gonzales-Najdorf, San Pablo 1947}) 8... Rf8 (8... Bg4
9. h3 Bxf3 {Black gives up his ^^ for nothing.} 10. Qxf3+ Kg8 11. Be3) 9. O-O (
9. Be3 Bd6 10. Ng5+ Kg8 11. Qh5 h6 $17 {Barber-Hausner, EUCup 17th Panormo 2001
}) 9... Kg8 $15 {and the K is already in safety.} (9... Bg4 $15)) 8. Nf3 Rf8 {
/\ Kg8 with an artificial castles.} 9. O-O Kg8 (9... Bg4 {is again premeture.}
10. Ng5+ (10. h3 Bxf3 11. Qxf3+ Kg8 $13) 10... Bxg5 11. Qxg4 Bxc1 12. Raxc1 Kg8
$11) 10. h3 Qd6 (10... Bd6 $5 11. c3 Qe8 $15 {gives Black good attacking
chances because of his strong [+], ^^ and better development.}) 11. Re1 Bd7 (
11... Qg6 $5 12. Nxe5 (12. c4 $5 dxc4 13. dxc4 Qf7 {/\ Bh3}) 12... Nxe5 13.
Rxe5 Rxf2 14. Kxf2 Qf6+ 15. Qf3 Qxe5 16. Bf4 Qd4+ $15) 12. b3 Rae8 13. Bb2 Bf6
$15 14. Rb1 {It is already an achievement for White that he has survived the
opening!} g6 (14... Nd4 $5 15. Nxd4 (15. Bxd4 exd4 $15) 15... exd4 $15) 15. c4
{White has to change the P structure at any rate.} Bg7 16. cxd5 Qxd5 17. Ne4 {
Now at least the blockading N on e4 is a good defender.} Nd4 (17... Rd8 18. Qe2
Bf5 19. Rbd1 h6 $15) 18. Bxd4 exd4 19. Rc1 {The knights have some chances
against the ^^ because of the good blockading squares.} Bc6 20. Qd2 Qd7 (20...
h6 $15) 21. Qg5 Rf5 22. Qg3 Re7 23. Rc2 Rf8 {Black has clearly lost the thread.
} 24. Rce2 Ree8 25. Nc5 {[#]} Qd6 $2 {This is the reat turning-point of the
game.} (25... Rxe2 $1 26. Rxe2 (26. Nxd7 Rxf3 $1 $19) 26... Qf5 $15 {was still
preferable for Black.}) 26. Rxe8 Rxe8 27. Rxe8+ Bxe8 28. Qxd6 cxd6 29. Nxb7 $16
{winning the P and the ^^ is not very active in the _|_, Black has to defend
his weak doubled pawns.} Bb5 30. Ne1 Bf8 (30... Be5 31. Kf1 Kf7 32. a4 $16) 31.
Kf1 Kf7 32. a4 Bd7 33. Nf3 Ke6 34. Nxd4+ Kd5 35. Nc2 Bg7 36. Na5 Bc3 37. Nc4
Kc5 38. Ke2 d5 39. Nd2 {White has consolidated his position with two extra
pawns.} a5 {blockading White's << P majority.} 40. Nf3 Kd6 41. Nfd4 Kc5 42. Ke3
Bb2 43. Ne2 Bf6 44. f4 $1 {It is time to march with the P majority on the >>.}
g5 45. g4 (45. d4+ Kd6 46. g4 $18 {was also good and simple.}) 45... gxf4+ 46.
Kxf4 h6 (46... d4 {gives up the vital e4 square.} 47. Ng3 Kd5 48. Ne4 $18) 47.
Kf3 Kd6 48. d4 Be8 49. Ne3 Bg6 50. Nf5+ $18 Kc6 51. Nxh6 Bc2 52. Kf4 Bxb3 53.
g5 {White's connected o^ come first.} Bh8 54. Nf7 Bg7 55. Ne5+ Kd6 56. Nc3
Bxe5+ 57. dxe5+ Ke6 58. g6 Bc2 59. Kg5 d4 60. Nb5 d3 61. g7 Kf7 62. Kh6 d2 63.
Nc3 Bf5 64. h4 Kg8 65. h5 Kf7 66. Kg5 Bc2 67. h6 Bxa4 68. e6+ Kg8 69. Ne4 1-0